|
|
|
|
| LEADER |
00000nam a22000007a 4500 |
| 005 |
20210301210849.0 |
| 007 |
cr|||| |||| |
| 008 |
210301s2015 us |||||s|||| 00||0 eng d |
| 020 |
|
|
|a 978-1-63425-052-8
|
| 035 |
|
|
|a 33085
|
| 040 |
|
|
|a vLex
|
| 090 |
|
|
|c 11319
|d 11319
|
| 100 |
1 |
|
|a Rose, Rachel V.
|
| 245 |
1 |
0 |
|a What Are... International HIPAA Considerations?
|h [Recurso electrn̤ico] /
|c Rachel V. Rose, Jonathan P. Tomes, Lance H. Rose
|
| 256 |
|
|
|a Servicio en ln̕ea
|
| 260 |
|
|
|a Chicago:
|b American Bar Association,
|c 2015
|
| 300 |
|
|
|a 1 recurso electrn̤ico
|
| 506 |
1 |
|
|a Disponible solo en los productos indicados
|d vLex Global
|d vLex Global (Academic Edition, excluding Law Schools)
|d vLex Global (Academic Edition, Law Schools)
|
| 650 |
0 |
4 |
|a Derecho Pb︢lico y Administrativo
|z Estados Unidos
|
| 650 |
0 |
4 |
|a Derecho Internacional
|z Estados Unidos
|
| 700 |
1 |
|
|a Tomes, Jonathan P.
|
| 700 |
1 |
|
|a Rose, Lance H.
|
| 740 |
0 |
|
|a vLex Libros (Servicio en ln̕ea)
|
| 856 |
4 |
0 |
|u http://vlex.com/source/what-are-international-hipaa-considerations-33085
|z Acceso restringido
|
| 942 |
|
|
|c BOOK
|
| 999 |
0 |
|
|a Public and Administrative Law
|
| 999 |
0 |
|
|a International Law
|